| 000 | 00713nam a2200217Ia 4500 | ||
|---|---|---|---|
| 003 | GCL | ||
| 008 | 140319s9999 xx 000 0 ara d | ||
| 040 |
_aGCL / _cGCL |
||
| 082 | 0 | 4 |
_a364.153 _bا د |
| 100 | 1 | _aحسن علام | |
| 245 | 1 | 0 |
_aالدفاع الاجتماعى الجديد : سياسة جنائية انسانية / _cحسن علام |
| 700 | 1 | _aمارك ,انسل | |
| 260 |
_a[S.N] : _bمنشاة المعارف الاسلامية ، _c1991 |
||
| 300 | _a335 ص | ||
| 490 |
_aالكتب القانونية _v0 |
||
| 650 | 0 | 4 | _aالجريمة والمجرمون |
| 650 | 0 | 4 | _aالسرقة |
| 650 | 0 | 4 | _aالاصلاحيات |
| 650 | 0 | 4 | _aالدفاع الاجتماعى |
| 942 |
_2ddc _cBK |
||
| 999 |
_c32677 _d32677 |
||